América Latina: sujeto del derecho internacional

Gespeichert in:
Bibliographische Detailangaben
1. Verfasser: Cox Urrejola, Sebastián (VerfasserIn)
Format: Buch
Sprache:Spanisch
Veröffentlicht: Santiago Jurídica de Chile 1970
Schlagworte:
Tags: Tag hinzufügen
Keine Tags, Fügen Sie den ersten Tag hinzu!

MARC

LEADER 00000nam a2200000 a 4500
001 UCT9256
003 CL-VaPUC
008 970404e19700000CL |||||||||||||||||spa|d
082 0 4 |a 341.24  |b COX  |2 21 
100 0 |a Cox Urrejola, Sebastián  |e author  |9 381811 
245 1 0 |a América Latina: sujeto del derecho internacional 
300 |a 91 p 
942 |c BK 
945 |d 19970404 00:00:00  |a paguirre 
260 |a Santiago  |b Jurídica de Chile  |c 1970 
650 0 |a Derecho internacional  |9 255637 
650 0 |a Organizaciones internacionales  |9 329196 
650 7 |a ESTADOS MIEMBROS  |2 CL-VaPUC  |9 377660 
650 7 |a COMUNIDAD INTERNACIONAL  |2 CL-VaPUC  |9 381812 
650 0 |a Integración regional  |9 376371 
651 0 |a América Latina   |9 255027 
583 |a last modification  |c 19970404 00:00:00  |k Rodrigo Vera 
999 |c 257673  |d 257671 
952 |0 0  |1 0  |4 0  |6 341_240000000000000_COX_1970  |7 0  |8 A  |9 281266  |a BIBDER  |b BIBDER  |d 2019-11-19  |i 1819496  |l 2  |o 341.24 COX 1970  |p 1819496  |r 2023-01-25  |s 2022-04-01  |w 2019-11-19  |y BK  |k DER